Brunatna ksie̜ga
| Titel: | Brunatna ksie̜ga / Marcin Kornak |
|---|---|
| Verfasser: | |
| Veröffentlicht: | Warszawa : Stow. Nigdy Wie̜cej |
| Format: | Mehrteiliges Werk |
| Sprache: | Polnisch |
| Bände: |
alle Bände anzeigen
|
X
alg: 27260742 001A $00030:10-08-11 001B $01999:24-04-25 $t10:11:16.000 001D $00030:15-08-11 001U $0utf8 001X $00 002@ $0Acu 002C $aText $btxt $2rdacontent 002D $aohne Hilfsmittel zu benutzen $bn $2rdamedia 002E $aBand $bnc $2rdacarrier 003@ $0272607428 007A $0272607428 $aHEB 007T $0Herdhh272607428 010@ $apol 013D $RTafel $#Chronology, Historical Charts, diagrams, etc. $#Synchronistische Tabelle $#Chronologie Formschlagwort $#Synchronopse $74190631-7 $8Zeittafel [Ts1] $9085945390 021A $aBrunatna ksie̜ga $hMarcin Kornak 028A $BVerfasser $4aut $7 $8Kornak, Marcin [Tnd] $9213066467 033A $pWarszawa $nStow. Nigdy Wie̜cej 044K $RPolen-Litauen $RKongresspolen $RWestgalizien $RStaat Krakau $#Generalgouvernement Polen $#Polska $#Rzeczpospolita Polska $#Polska Rzeczpospolita Ludowa $#Poland $#Pologne $#République Polonaise $#Generalne Gubernatorstwo w Polsce $#Polish People's Republic $#Polska Rzeczpospolita Polen $#PRL $#RP $#Polen Generalgouvernement $#Polska Generalgouvernement $#Besetzte Polnische Gebiete $#Besetztes Gebiet in Polen $#Okupowane Polskie Obszary $#Obszary Okupowane w Polsce $#Volksrepublik Polen $#Polska Rosyjska $#Republic Polen $#Respublika Pol'ša $#Pol'skaja Narodnaja Respublika $#République de Pologne $#Polen Links der Weichsel $#Polska po Lewej Stronie Wisły $#Lenkija $#Polija $#Gubernija Carstva Pol'skago $#Republik Polen $74046496-9 $8Polen [Tg1] $9085129801 044K $RFaschismus $RRechtsradikalismus $#Fascism $#Fascisme $#Neofaschismus $74041597-1 $8Neofaschismus [Ts1] $9085114057 044K $RRadikalismus $RFaschismus $RNeue Rechte $RRechtsradikaler $#Right-wing extremists $#Extrême droite $#Neonazismus $#Rechtsradikalismus $#Rechtsextremismus $#Neonazismus $#Rechtsextremismus $74048829-9 $8Rechtsradikalismus [Ts1] $9085136093 044K $RRassismus $RFremdenfeindlichkeit $RJudenverfolgung $RAntijudaismus $#Antisemitism $#Antisémitisme $#Antisemitismus $#Antisemitismus $#Antisemitismus $#Judenfeindschaft $#Judenhass $74002333-3 $8Antisemitismus [Ts1] $9084997346 044K $RRassentheorie $RAntirassismus $RRassenfrage $RRassendiskriminierung $#Racism $#Racisme $#Razzismo $#Racismo $#Ethnische Diskriminierung $#Rassismus $#Rassismus $#Rassenideologie $#Rassenwahn $#Rassenvorurteil $74076527-1 $8Rassismus [Ts1] $9085216860 044K $RVerhalten $RHandlungstheorie $RPerformanz $RInteraktion $RTat $RHandlungsstil $RHandlungslogik $#Act (Philosophy) $#Human acts $#Philosophie de l'action $#Actes humains (théologie morale) $#Handlung $#Aktion $#Handeln $#Intentionales Handeln $#Zweckgerichtete Handlung $#Zielorientierte Handlung $#Zielorientiertes Handeln $#Zielorientierung Handlung $#Intention Handlung $#Intentionale Handlung $#Handlungen $74023277-3 $8Handlung [Ts1] $9085057495 lok: 27260742 3 101B $015-08-13 $t07:20:36.000 101C $010-08-11 101U $0utf8 144Z/20 $aj13aug 145S/06 $a770 145Z/01 $a900 T 246 Fd 0500 145Z/02 $a900 Fd 0500 exp: 27260742 3 1 #EPN 201B/01 $015-08-11 $t09:41:07.000 201C/01 $015-08-11 201U/01 $0utf8 203@/01 $0628276745 208@/01 $a15-08-11 $bda lok: 27260742 24 exp: 27260742 24 1 #EPN 201B/01 $008-08-19 $t08:48:02.000 201C/01 $006-02-12 201U/01 $0utf8 203@/01 $0637821343 208@/01 $a29-02-12 $bda 209B/01 $azur Fortsetzung bestellt (050) $x09 220C/01 $anie. - Bd. 4 noch nicht ersch.//08.08.19 lok: 27260742 66 exp: 27260742 66 1 #EPN 201B/01 $011-08-11 $t22:47:25.000 203@/01 $0628135297 208@/01 $a11-08-11 $bdummy 201U/01 $0utf8 lok: 27260742 78 exp: 27260742 78 1 #EPN 201B/01 $019-04-17 $t14:09:59.000 201U/01 $0utf8 203@/01 $0790881160 208@/01 $a12-11-16 $be 220C/01 $aAnmerkung: *11 244Z/01 $2Trx $8--Trx--Monographie $x01 $9391384546 247C/01 $82080>Marburg/Lahn, Herder-Institut, Forschungsbibliothek, Bibliographieportal $9336309341
| LEADER | 00000cam a2200000 ca4500 | ||
|---|---|---|---|
| 001 | 272607428 | ||
| 003 | DE-603 | ||
| 005 | 20250424101116.0 | ||
| 007 | tu | ||
| 008 | 110810s xx |||| | u00||u|pol c | ||
| 035 | |a (DE-599)HEB272607428 | ||
| 040 | |a DE-603 |b ger |c DE-603 |d DE-603 | ||
| 041 | |a pol | ||
| 100 | 1 | |a Kornak, Marcin |e Verfasser |4 aut |0 (DE-603)213066467 | |
| 245 | 0 | 0 | |a Brunatna ksie̜ga |c Marcin Kornak |
| 264 | 1 | |a Warszawa |b Stow. Nigdy Wie̜cej | |
| 336 | |a Text |b txt |2 rdacontent | ||
| 337 | |a ohne Hilfsmittel zu benutzen |b n |2 rdamedia | ||
| 338 | |a Band |b nc |2 rdacarrier | ||
| 650 | 7 | |a Neofaschismus |0 (DE-588)4041597-1 |0 (DE-603)085114057 |2 gnd | |
| 650 | 7 | |a Rechtsradikalismus |0 (DE-588)4048829-9 |0 (DE-603)085136093 |2 gnd | |
| 650 | 7 | |a Antisemitismus |0 (DE-588)4002333-3 |0 (DE-603)084997346 |2 gnd | |
| 650 | 7 | |a Rassismus |0 (DE-588)4076527-1 |0 (DE-603)085216860 |2 gnd | |
| 650 | 7 | |a Handlung |0 (DE-588)4023277-3 |0 (DE-603)085057495 |2 gnd | |
| 651 | 7 | |a Polen |0 (DE-588)4046496-9 |0 (DE-603)085129801 |2 gnd | |
| 655 | 7 | |a Zeittafel |2 gnd-content |0 (DE-588)4190631-7 |0 (DE-603)085945390 | |
| 924 | 0 | |9 603 |a (DE-603)628276745 |b DE-603 |c HES |d d | |
| 924 | 0 | |9 603 |a (DE-603)637821343 |b DE-603 |c HES |d d | |
| 924 | 0 | |9 603 |a (DE-603)628135297 |b DE-603 |c HES |d d | |
| 924 | 0 | |9 2080 |a (DE-603)790881160 |b DE-2080 |c HES |d d | |


